Quizzes
Events
Quiz Creation
Community
Videos
Private Events
Remove Ads
Sign In
Join for FREE
Feedback
Dark Mode
Quiz Categories
Sports
Geography
Music
Movies
Television
Just For Fun
Miscellaneous
History
Literature
Language
Science
Gaming
Entertainment
Religion
Holiday
For Kids
Quiz Lab
Recent
Popular Today
Quiz Kudos Today
Editor Picks
Curator Picks
Quizzes by...
Day
Popularity
Type
Ratings
Length
Year
Community
Subscriptions
Recent Discussions
Orange Saloon
Badges
Playlists
Quests
Create
Leaderboards
Showdown
Live 5
Trivia Bingo
Activity
Puzzle Library
Sporcle Events
Private Events
Virtual Trivia
Globe League
Become a Host
Pub Owners
SporcleCon
Opinionation
Our Games
Videos
Blog
Mobile Apps
Partnerships
Remove Ads and Go Orange
Feedback
Movies
Disney
Marvel Cinematic Universe
Movie Resume
Movie Titles
Oscar
Actor
Actress
Director
Pixar
Role
Movie Quotes
Movie Characters
Box Office
Nominee
Best Picture
Star Wars
James Bond
Horror Movies
Movies
Disney
Marvel Cinematic Universe
Movie Resume
Movie Titles
Oscar
Actor
Actress
Director
Pixar
Role
Movie Quotes
Movie Characters
Box Office
Nominee
Best Picture
Star Wars
James Bond
Horror Movies
Random Quiz
Search Sporcle
×
Quiz Lab
Quiz Lab
Movies
Movie Characters
Type in answers that appear in a list
Type in answers that appear in a list
Classic
Best Score? Go Orange.
Ezra Miller Movies Stats
Can you name the movies Ezra Miller has starred in?
By
Rackie
6m
14 Questions
125 Plays
125 Plays
125 Plays
Comments
Comments
Give Quiz Kudos
Give Quiz Kudos
-
- Ratings
hide this ad
Replay
Link that replays current quiz
Next Quiz
Link to next quiz in quiz playlist
You Got
0%
They Got
Avg Score
55%
Avg Friend Score
Upgrade to see
Score Distribution
Jump to the score distribution portion of the page
Score
0/14
Timer
06:00
0
Plays Today
Year
Movie
% Correct
2012
The Perks of Being a Wallflower
88%
2011
We Need to Talk About Kevin
86.4%
2016
Fantastic Beasts and Where to Find Them
84%
2008
Afterschool
68%
2015
Trainwreck
62.4%
2010
Beware the Gonzo
58.4%
2009
City Island
56.8%
Year
Movie
% Correct
2010
Every Day
56.8%
2017
Justice League
56%
2015
The Stanford Prison Experiment
52%
2014
Madame Bovary
51.2%
2011
Another Happy Day
49.6%
2021
Asking For It
44.4%
2018
Fantastic Beasts: The Crimes of Grindelwald
7.4%
Quiz Playlist
Details
Report
Send in Message
Add To Playlist
Classic:
Type in answers that appear in a list
Last Updated: Feb 16, 2017
Quiz Scoreboard
CHALLENGE
Sign Up to Join the Scoreboard
Show All
Scores
Hide
Comments
May contain spoilers
Recently Published
Movies - When Are They Set?
by FPL_Elf
Movies
5m
Popular People in 1961
by mucciniale
History
6m
1-10 Letter E Words III
by El_Dandy
Language
2m
More to Explore
Quiz From the Vault
Featured Blog Post
Where Did the Easter Bunny Come From?
hide this ad
You Might Also Like...
Tags
Actor Quiz
Movie Characters Quiz
Movie Resume Quiz
Movie Titles Quiz
Role Quiz
Lead Actor
Leading Role
Movie Role
Principle Roles
Supporting Role
Today's Top Quizzes in Movies
Browse Movies
hide this ad
Today's Top Quizzes in Movie Characters
Browse Movie Characters
Top Contributed Quizzes in Movies
1
Multi-Oscar Nominations, One Movie, One Winner
2
12 Movies about Fictional 1960s Events
3
One Thing in Common: Movies
4
One Thing in Common: Movies II
5
Sunday Crossword: Film Score Composers
6
Three Word 'T' Movies Match Up
7
Three Word 'H' Movies Match Up
8
Three Word 'M' Movies Match Up
9
One Thing in Common: Oscars
10
Three Word 'P' Movies Match Up
Explore More
Trending Topics
Harry Potter
Anime
Kpop
Marvel
Disney
NBA
Crossword
Country
WWE
Pokémon
NFL
The Office
Puzzle
Song
Soccer
hide this ad
More By:
Rackie
Quiz
Plays
Rating
Category
Featured
Created
Taylor Swift Album Covers
265,828
4.55
Music
Mar 14, 2016
Find the Minecraft Block
144,487
4.62
Gaming
Mar 17, 2016
Color in Pikachu
133,690
4.41
Gaming
Mar 30, 2017
Find the Big 4 Animals
132,296
4.78
Sports
May 6, 2017
A Cast for All Seasons: Friends
130,225
4.48
Television
Jul 26, 2017
Go to Creator's Profile
Score Distribution
Quiz Creator Spotlight
Rackie
Follow
Send a Message
Quizzes Created
-
Created Quiz Play Count
-
More By This Creator
Popular Quizzes Today
1
Find the US States - No Outlines Minefield
2
Find the Countries of Europe - No Outlines Minefield
3
The Countries of the World
4
Popular People in 1961
5
1-10 Letter E Words III
6
US States
7
Find the US States
8
One Thing in Common: World Cities II
More Movies Quizzes
Disney 10 to 1
Curator's Pick
Trending Quizzes
Risky Map Clicking: Least Populous States A-Z
1-10 Letter F Words
1-10 Letter G Words
One Thing in Common: United Kingdom
Risky Map Clicking: Next State Alphabetically
Recently Updated
Leaping Animals
pecheneg
Reality TV Shows (A-Z)
bhenderson79
Rickey Henderson's Hall of Fame Teammates
pecheneg
Champions League XIs: Arsenal
pecheneg
Quick Pick: Celebrities in WWE's Hall of Fame
aduchscher
A-Z Keypad Blitz II
pecheneg
Multiple Oscar Actors
pecheneg
Mystery Phrase Blitz: Oscar 'Best Actors'
pecheneg
F. Scott Fitzgerald Novels
LTH
Pick 3 Villains
ddd62291
Trending Topics
Kpop
NBA
Harry Potter
Disney
Anime
Crossword
Marvel
Song
WWE
Soccer
Country
NFL
Pokémon
Puzzle
The Office
Your Account Isn't Verified!
In order to create a playlist on Sporcle, you need to verify the email address you used during registration. Go to your
Sporcle Settings
to finish the process.
Report this User
Report this user for behavior that violates our
Community Guidelines
.
Details:
Send Report
Go to the Sporcle.com Mobile Site →
Comments